000 01040nas a2200313 a 4500
001 57333
003 BD-RjUL
005 20211209080509.0
008 161208s1983 enk x 0 a0eng c
020 _a0521242398
035 _a(BD-RjUL)57457
040 _aNSDP
_beng
_cNSDP
_dBD-RjUL
_dOCoLC
041 _aeng
082 0 4 _a302
_223
_bCUR 1983
245 1 0 _aCurrent issues in European social psychology /
_cWillem Doise; Serge Moscovici
260 _aNew York :
_bEditions de la Maison des Sciences de l'homme,
_cc1983
300 _av. ;
_c24 cm.
490 1 _aVol. 1: European studies in social psychology
500 _aInclude index
505 _aVol. 1 --
650 0 _aSocial psychology
_zEurope
_vPeriodicals.
_9170276
650 1 7 _aSociale psychologie.
_2gtt
_9170277
776 0 8 _iOnline version:
_tCurrent issues in European social psychology
_w(OCoLC)643977948
830 0 _aEuropean studies in social psychology.
_9171692
942 _2ddc
_cBK
999 _c57333
_d57333